000 00626nam a2200265Ia 4500
005 20260121170214.0
008 008 260114s9999 xx 000 0 eng d
020 _a9789811053672
037 _aEBOOK
040 _aCRL
040 _beng
040 _cCRL
041 _2eng
041 _aeng
084 _qCRL
100 _aZheng Wang
_91061077
245 0 _aPrinciples of Regional Science
260 _bSpringer
260 _bSpringer
260 _c2017
856 _uhttps://link.springer.com/openurl?genre=book&isbn=978-981-10-5367-2
942 _cEBOOK
999 _c1626806
_d1626806